[Event "GER-chT North U14"]
[Site "Magdeburg"]
[Date "2014.09.13"]
[Round "6.3"]
[White "Bobenko, Konstantin"]
[Black "Kozusenok, Vladyslav"]
[Result "1-0"]
[WhiteElo "1338"]
[BlackElo "1079"]
[PlyCount "155"]
[EventDate "2014.09.11"]
[EventType "team-swiss"]
[EventRounds "7"]
[EventCountry "GER"]
[SourceTitle "EXT 2016"]
[Source "ChessBase"]
[SourceDate "2015.10.08"]
[SourceVersion "1"]
[SourceVersionDate "2015.10.08"]
[SourceQuality "1"]
[WhiteTeam "Potsdam Empor"]
[BlackTeam "Weisse Dame"]
[WhiteTeamCountry "GER"]
[BlackTeamCountry "GER"]

1. e4 d5 2. exd5 Qxd5 3. Nc3 Qa5 4. Nf3 Bg4 5. Be2 Nf6 6. d3 c6 7. Bd2 Qc7 8. h3 Bf5 9. Nd4 Bg6 10. a3 e6 11. Bf3 Be7 12. Nde2 Nbd7 13. Bf4 Qb6 14. Qc1 0-0 15. 0-0 Rfe8 16. Qd2 Rad8 17. Na4 Qa6 18. Nac3 Qb6 19. Be3 Qc7 20. Nf4 Ne5 21. Qe2 Nxf3+ 22. Qxf3 Bd6 23. Nxg6 hxg6 24. Bg5 Be7 25. Ne4 Nxe4 26. Bxe7 Qxe7 27. Qxe4 Qd6 28. Qb4 Qxb4 29. axb4 a6 30. Rfe1 Rd4 31. Re4 Rxe4 32. dxe4 Rd8 33. f3 Kf8 34. Kf1 Rd2 35. Rc1 Ke7 36. Kg1 Kd6 37. Kh2 Ke5 38. Kg3 g5 39. b3 g6 40. c4 Rb2 41. b5 cxb5 42. cxb5 axb5 43. Rc7 Rxb3 44. Rxf7 Rb1 45. Rxb7 b4 46. Rb5+ Kd4 47. Rxg5 Kc4 48. Rxg6 b3 49. Rxe6 Kc5 50. Re8 b2 51. Rb8 Kc4 52. Rc8+ Kd3 53. Rb8 Kc3 54. Rc8+ Kd3 55. Rb8 Kc3 56. e5 Rc1 57. f4 b1Q 58. Rxb1 Rxb1 59. e6 Re1 60. f5 Re5 61. Kg4 Kd4 62. Kg5 Ke4 63. g4 Ra5 64. Kf6 Ra6 65. Kf7 Ra7+ 66. e7 Kf4 67. Kf8 Ra8+ 68. e8Q Rxe8+ 69. Kxe8 Kg5 70. Kf7 Kh6 71. f6 Kh7 72. Ke7 Kg6 73. f7 Kh7 74. f8Q Kg6 75. Qf5+ Kg7 76. Qg5+ Kh7 77. Kf8 Kh8 78. Qh4# 1-0